00938 a2200169 45000010006000000050017000060080041000230030015000640400040000790800046001192450085001650200018002502640029002683000019002975050428003161000024007444893720260407155755.0260407a1995 arg spa dAR-UNSa-BCEJYS aAR-UNSa-BCEJYSbspacAR-UNSa-BCEJYS a37xEducación. Enseñanza. Formación10aVolver a educarpel desafío de la enseñanza argentina a finales del siglo XX a950-9122-28-9 1aBarcelona :bArielc1995 a254 p.c21 cm. aPRIMERA PARTE: Una mirada a la situación educativa: 1. Reflexiones sobre la conmoción cultural - 2. Reflexiones sobre la crisis de la educación - 3. Reflexiones para pedagogos - 4. Reflexiones para educadores - SEGUNDA PARTE: El debate actual de la educación argentina: 5. Educación y Tercer Mundo - 6. Insuficiencias del paradigma educativo - 7. Los conceptos tienen alas - 8. La agencia pedagógica neoliberal.1 aPuiggrós, Adriana